Normal view
MARC view
- POWER ELECTRONIC SYSTEMS
Entry Topical Term
001 - CONTROL NUMBER
- control field: 69095
003 - CONTROL NUMBER IDENTIFIER
- control field: NUST
005 - DATE AND TIME OF LATEST TRANSACTION
- control field: 20210628204154.0
008 - FIXED-LENGTH DATA ELEMENTS
- fixed length control field: 210628|| aca||aabn | a|a d
040 ## - CATALOGING SOURCE
- Original cataloging agency: NUST
- Transcribing agency: NUST
150 ## - HEADING--TOPICAL TERM
- Topical term or geographic name entry element: POWER ELECTRONIC SYSTEMS
670 ## - SOURCE DATA FOUND
- Source citation: Work cat.: (NUST): Agrawal, Jai.P 69094, Power electronic systems theory and design, 2001
